[Event "Mundial Juvenil 2005 s18"]
[Site "Belfort FRA"]
[Date "2005.07.24"]
[Round "6.16"]
[White "Astaneh Lopez, Alex"]
[Black "Milman, Lev"]
[Result "1/2-1/2"]
[WhiteElo "2304"]
[BlackElo "2459"]
[PlyCount "35"]
[EventDate "2005.07.19"]
[EventType "swiss"]
[EventRounds "11"]
[EventCountry "FRA"]
[Source "lmi"]
[SourceDate "2005.07.31"]

1. e4 c5 2. Nf3 d6 3. d4 cxd4 4. Nxd4 Nf6 5. Nc3 a6 6. Bc4 e6 7. Bb3 Nbd7 8.
O-O Nc5 9. Re1 Be7 10. a4 O-O 11. Bg5 Qc7 12. a5 b5 13. axb6 Qxb6 14. Na4 Nxa4
15. Rxa4 Bd7 16. Ra2 Rfb8 17. Nf3 Rd8 18. Qd4 1/2-1/2

[Event "Mundial Juvenil 2005 s18"]
[Site "Belfort FRA"]
[Date "2005.07.24"]
[Round "6.19"]
[White "Khamrakulov, Dzhurabek"]
[Black "Netzer, Jean"]
[Result "1-0"]
[WhiteElo "2280"]
[BlackElo "2378"]
[PlyCount "100"]
[EventDate "2005.07.19"]
[EventType "swiss"]
[EventRounds "11"]
[EventCountry "FRA"]
[Source "lmi"]
[SourceDate "2005.07.31"]

1. e4 c5 2. Nf3 e6 3. c3 d5 4. exd5 exd5 5. d4 Nc6 6. Be3 cxd4 7. Nxd4 Bd6 8.
Nd2 Nge7 9. N2b3 O-O 10. Qc2 Ne5 11. O-O-O a6 12. Bd3 Nxd3+ 13. Qxd3 Qc7 14.
Bg5 Bd7 15. Bh4 Ng6 16. Bg3 Nf4 17. Bxf4 Bxf4+ 18. Kb1 Rfe8 19. g3 Be5 20. Rhe1
Bf6 21. Nc2 Be6 22. Ne3 Red8 23. Nd4 Qb6 24. f4 g6 25. f5 Bxd4 26. fxe6 Bxe3
27. exf7+ Kxf7 28. Rxe3 Rd7 29. Qe2 Qd6 30. Rf1+ Kg7 31. Re6 Qc7 32. Qf2 Rf7
33. Qxf7+ Qxf7 34. Rxf7+ Kxf7 35. Rd6 Ke7 36. Rxd5 Rf8 37. Kc2 Ke6 38. Rd2 h5
39. c4 Rf3 40. c5 Kf5 41. b4 Kg4 42. Kb2 Re3 43. a4 Rf3 44. b5 axb5 45. axb5
Rf5 46. Rc2 Kh3 47. Ka3 g5 48. Kb4 g4 49. c6 bxc6 50. bxc6 Re5 1-0

[Event "Mundial Juvenil 2005 s18"]
[Site "Belfort FRA"]
[Date "2005.07.26"]
[Round "7.1"]
[White "Vitiugov, Nikita"]
[Black "Stopa, Jacek"]
[Result "1-0"]
[WhiteElo "2519"]
[BlackElo "2460"]
[PlyCount "66"]
[EventDate "2005.07.19"]
[EventType "swiss"]
[EventRounds "11"]
[EventCountry "FRA"]
[Source "lmi"]
[SourceDate "2005.07.31"]

1. d4 d5 2. c4 c6 3. Nc3 Nf6 4. Nf3 e6 5. Bg5 h6 6. Bh4 dxc4 7. e4 g5 8. Bg3 b5
9. Be2 Nbd7 10. d5 Bb7 11. Nd4 cxd5 12. Ndxb5 Bb4 13. O-O O-O 14. exd5 exd5 15.
Nd4 Bxc3 16. bxc3 Ne4 17. Qc2 Ndc5 18. Rab1 Qd7 19. h3 Bc8 20. Bh2 Qa4 21. Qc1
Ne6 22. Nf5 Qa5 23. Bf3 Kh7 24. Ne3 f5 25. Qc2 Ba6 26. g4 N6c5 27. Nxf5 Qxc3
28. Bxe4 Nxe4 29. Qa4 Bc8 30. Qc6 Bxf5 31. Rb7+ Kh8 32. Qc7 Qa1 33. Rxa1 Bc8
1-0

[Event "Mundial Juvenil 2005 s18"]
[Site "Belfort FRA"]
[Date "2005.07.26"]
[Round "7.3"]
[White "Tomashevsky, Evgeny"]
[Black "Khusnutdinov, Rustam"]
[Result "1-0"]
[WhiteElo "2555"]
[BlackElo "2354"]
[PlyCount "27"]
[EventDate "2005.07.19"]
[EventType "swiss"]
[EventRounds "11"]
[EventCountry "FRA"]
[Source "lmi"]
[SourceDate "2005.07.31"]

1. Nf3 g6 2. c4 d6 3. Nc3 Nf6 4. d4 Bf5 5. Nd2 e5 6. d5 Bh6 7. g3 O-O 8. Bg2
Na6 9. a3 Qc8 10. h3 Nh5 11. g4 Nf4 12. Bf1 Nc5 13. gxf5 Qxf5 14. b4 1-0

[Event "Mundial Juvenil 2005 s18"]
[Site "Belfort FRA"]
[Date "2005.07.26"]
[Round "7.7"]
[White "Ragger, Markus"]
[Black "Romanov, Evgeny"]
[Result "1/2-1/2"]
[WhiteElo "2434"]
[BlackElo "2451"]
[PlyCount "105"]
[EventDate "2005.07.19"]
[EventType "swiss"]
[EventRounds "11"]
[EventCountry "FRA"]
[Source "lmi"]
[SourceDate "2005.07.31"]

1. e4 e5 2. Nf3 Nc6 3. d4 exd4 4. Nxd4 Bc5 5. Nxc6 Qf6 6. Qf3 dxc6 7. Nd2 Be6
8. Bd3 O-O-O 9. O-O Bd4 10. Qxf6 Nxf6 11. Nf3 Bb6 12. Ng5 Bd4 13. g3 Rhe8 14.
Kg2 h6 15. Nxe6 Rxe6 16. f3 Nd7 17. c3 Bb6 18. Bc4 Re7 19. Rd1 Ne5 20. Rxd8+
Kxd8 21. Be2 Rd7 22. Kf1 f6 23. f4 Nf7 24. Kg2 Nd6 25. Kf3 f5 26. e5 Ne4 27.
Be3 Nd2+ 28. Bxd2 Rxd2 29. Rd1 Rxd1 30. Bxd1 Ke7 31. Bc2 Ke6 32. Bb3+ Ke7 33.
Bg8 a5 34. Bh7 Ke6 35. Bg8+ Ke7 36. Bh7 Ke6 37. g4 fxg4+ 38. Kxg4 Be3 39. Bf5+
Ke7 40. Bc8 b6 41. b3 Bd2 42. c4 c5 43. Bb7 Bc1 44. Be4 Bd2 45. h4 Bc1 46. Kf5
Bd2 47. h5 Bc1 48. Bd5 Bd2 49. Ke4 Bc1 50. Bb7 Bd2 51. f5 Be1 52. Kd5 Bg3 53.
a4 1/2-1/2

[Event "Mundial Juvenil 2005 s18"]
[Site "Belfort FRA"]
[Date "2005.07.26"]
[Round "7.9"]
[White "Brkic, Ante"]
[Black "Safarli, Eltaj"]
[Result "1-0"]
[WhiteElo "2477"]
[BlackElo "2335"]
[PlyCount "71"]
[EventDate "2005.07.19"]
[EventType "swiss"]
[EventRounds "11"]
[EventCountry "FRA"]
[Source "lmi"]
[SourceDate "2005.07.31"]

1. e4 c5 2. Nf3 e6 3. d4 cxd4 4. Nxd4 Nf6 5. Nc3 Nc6 6. Nxc6 bxc6 7. e5 Nd5 8.
Ne4 Bb7 9. c4 Nb4 10. c5 Nd5 11. Qd4 Ba6 12. Bxa6 Qa5+ 13. Bd2 Qxa6 14. h4 Be7
15. h5 O-O 16. h6 g6 17. Rh3 f5 18. exf6 e5 19. Qd3 Qxd3 20. Rxd3 Bxf6 21.
O-O-O Be7 22. Bc3 Rf7 23. Bxe5 Re8 24. Bg7 Bf8 25. f3 Bxg7 26. hxg7 Re5 27. Ra3
Kxg7 28. Rxa7 Rfe7 29. a4 h6 30. a5 Nf6 31. b4 Nd5 32. Rb7 Re8 33. Rxd7+ Kf8
34. b5 Ne3 35. b6 Nxd1 36. Kxd1 1-0

[Event "Mundial Juvenil 2005 s18"]
[Site "Belfort FRA"]
[Date "2005.07.26"]
[Round "7.10"]
[White "Papp, Gabor"]
[Black "Alsina Leal, Daniel"]
[Result "1/2-1/2"]
[WhiteElo "2474"]
[BlackElo "2322"]
[PlyCount "82"]
[EventDate "2005.07.19"]
[EventType "swiss"]
[EventRounds "11"]
[EventCountry "FRA"]
[Source "lmi"]
[SourceDate "2005.07.31"]

1. e4 c5 2. Nf3 Nc6 3. d4 cxd4 4. Nxd4 Nf6 5. Nc3 e5 6. Ndb5 d6 7. Bg5 a6 8.
Na3 b5 9. Nd5 Be7 10. Bxf6 Bxf6 11. c3 O-O 12. Nc2 Bg5 13. Be2 Rb8 14. Qd3 a5
15. Rd1 Be6 16. a3 Qd7 17. h4 Bd8 18. Nce3 Ne7 19. g4 b4 20. axb4 Bxd5 21. Nxd5
Nxd5 22. Qxd5 axb4 23. Qxd6 Qxd6 24. Rxd6 bxc3 25. bxc3 Ba5 26. O-O Bxc3 27.
Bc4 Bd4 28. g5 g6 29. Rd7 Rb2 30. Kg2 Kg7 31. Kg3 Rc2 32. Bd5 Rc3+ 33. Kg4 Ra3
34. f4 exf4 35. Rxf4 Ra7 36. Bb7 Be5 37. Rf1 h5+ 38. gxh6+ Kxh6 39. Rfxf7 Rxf7
40. Rxf7 Ra3 41. Rf3 Rxf3 1/2-1/2

[Event "Mundial Juvenil 2005 s18"]
[Site "Belfort FRA"]
[Date "2005.07.26"]
[Round "7.11"]
[White "Tukhaev, Adam"]
[Black "Khamrakulov, Dzhurabek"]
[Result "0-1"]
[WhiteElo "2438"]
[BlackElo "2280"]
[PlyCount "104"]
[EventDate "2005.07.19"]
[EventType "swiss"]
[EventRounds "11"]
[EventCountry "FRA"]
[Source "lmi"]
[SourceDate "2005.07.31"]

1. e4 e6 2. d4 d5 3. Nc3 Nf6 4. Bg5 dxe4 5. Nxe4 Nbd7 6. Nf3 h6 7. Bh4 Be7 8.
Nxf6+ Nxf6 9. Bd3 c5 10. dxc5 Qa5+ 11. c3 Qxc5 12. Qe2 Nd5 13. Bb5+ Kf8 14.
Bxe7+ Kxe7 15. O-O a6 16. Bc4 Nf6 17. Ne5 Rd8 18. Rad1 Bd7 19. Nxd7 Rxd7 20.
Rxd7+ Nxd7 21. Rd1 Rd8 22. Qd3 Qc7 23. Bb3 Nc5 24. Qxd8+ Qxd8 25. Rxd8 Kxd8 26.
Bc2 e5 27. Kf1 b6 28. Ke2 Ke7 29. Ke3 Kd6 30. g3 Nd7 31. h4 Nf6 32. Bd3 a5 33.
Be2 Nd5+ 34. Kd3 f5 35. Kc4 f4 36. g4 g5 37. hxg5 hxg5 38. Bd3 Nf6 39. Bf5 Kc6
40. a4 Ne8 41. Kd3 Nd6 42. Be4+ Kc5 43. b3 Ne8 44. f3 Nf6 45. Ba8 Nd5 46. Bxd5
Kxd5 47. b4 b5 48. axb5 a4 49. c4+ Ke6 50. b6 Kd7 51. c5 a3 52. Kc3 a2 0-1

[Event "Mundial Juvenil 2005 s18"]
[Site "Belfort FRA"]
[Date "2005.07.26"]
[Round "7.12"]
[White "Wen, Yang"]
[Black "Sengupta, Deep"]
[Result "0-1"]
[WhiteElo "2327"]
[BlackElo "2414"]
[PlyCount "68"]
[EventDate "2005.07.19"]
[EventType "swiss"]
[EventRounds "11"]
[EventCountry "FRA"]
[Source "lmi"]
[SourceDate "2005.07.31"]

1. e4 e6 2. d4 d5 3. e5 c5 4. c3 Qb6 5. Nf3 Nc6 6. a3 Nh6 7. b4 cxd4 8. cxd4
Nf5 9. Be3 Bd7 10. Bd3 Nxe3 11. fxe3 Rc8 12. O-O Be7 13. Nbd2 Nb8 14. Ne1 g6
15. Rf3 Bb5 16. Bc2 Qa6 17. Rf2 O-O 18. a4 Be8 19. Nd3 Rc3 20. Nf3 Qc4 21. Rb1
Bxa4 22. Bxa4 Qxd3 23. Qxd3 Rxd3 24. Rc2 Rxe3 25. Rc7 Bd8 26. Rxb7 Bb6 27. Bb5
Rc3 28. Kf2 Nc6 29. Bxc6 Rxc6 30. Kg3 Rfc8 31. Rd7 Rc3 32. Rd1 R8c4 33. Kf4
Rxb4 34. Kg5 Kg7 0-1

[Event "Mundial Juvenil 2005 s18"]
[Site "Belfort FRA"]
[Date "2005.07.26"]
[Round "7.13"]
[White "Amin, Bassem"]
[Black "Colmenares, Aurelio"]
[Result "1-0"]
[WhiteElo "2400"]
[BlackElo "2122"]
[PlyCount "113"]
[EventDate "2005.07.19"]
[EventType "swiss"]
[EventRounds "11"]
[EventCountry "FRA"]
[Source "lmi"]
[SourceDate "2005.07.31"]

1. e4 e6 2. d3 d5 3. Nd2 Nf6 4. Ngf3 Nc6 5. c3 a5 6. e5 Nd7 7. d4 f6 8. Bb5 Be7
9. O-O O-O 10. exf6 Bxf6 11. Re1 Re8 12. Qa4 Nb6 13. Qc2 Qd6 14. Nf1 Bd7 15. a4
e5 16. Bxc6 Bxc6 17. dxe5 Bxe5 18. Rxe5 Rxe5 19. Bf4 Re2 20. Qxe2 Qxf4 21. b3
Re8 22. Qd3 Qe4 23. Qd2 Qe2 24. Rd1 Qxd2 25. Rxd2 Nd7 26. Ne3 Nf6 27. Nd4 Bd7
28. Ndc2 Be6 29. f3 c5 30. Kf2 Rd8 31. Ne1 Rd7 32. Nd3 d4 33. cxd4 Rxd4 34. Ke2
h6 35. Nc1 Rb4 36. Nc2 Rxb3 37. Nxb3 Bxb3 38. Kd3 Nd5 39. Ne3 Nxe3 40. Kxe3
Bxa4 41. Rd6 b5 42. Ra6 Kf7 43. Ke4 b4 44. Rxa5 Bc2+ 45. Kd5 b3 46. Rb5 Kf6 47.
Kxc5 Kf5 48. g3 Ke5 49. Kc4+ Kf6 50. Kd4 Ke6 51. Rb6+ Kf7 52. Ke5 h5 53. Rb7+
Kg6 54. f4 Kh6 55. f5 Bd1 56. Kf4 Bc2 57. h3 1-0

[Event "Mundial Juvenil 2005 s18"]
[Site "Belfort FRA"]
[Date "2005.07.26"]
[Round "7.14"]
[White "Arngrimsson, Dagur"]
[Black "Deepan Chakkravarthy"]
[Result "0-1"]
[WhiteElo "2294"]
[BlackElo "2465"]
[PlyCount "70"]
[EventDate "2005.07.19"]
[EventType "swiss"]
[EventRounds "11"]
[EventCountry "FRA"]
[Source "lmi"]
[SourceDate "2005.07.31"]

1. e4 c5 2. Nf3 Nc6 3. d4 cxd4 4. Nxd4 Nf6 5. Nc3 e5 6. Ndb5 d6 7. Bg5 a6 8.
Na3 b5 9. Nd5 Be7 10. Nxe7 Nxe7 11. Bd3 Bb7 12. Bxf6 gxf6 13. Qh5 Ng6 14. g3 d5
15. O-O-O b4 16. Nb1 Qa5 17. a3 bxa3 18. Nxa3 O-O 19. f4 Rac8 20. Qh6 dxe4 21.
Bc4 e3 22. f5 Rxc4 23. fxg6 hxg6 24. Rhe1 Rd4 25. Qxe3 Rfd8 26. Rxd4 Rxd4 27.
Qf2 Kg7 28. Rf1 f5 29. c3 Rd8 30. g4 f4 31. h4 Qd5 32. Re1 Qg2 33. Re2 f3 34.
Qxg2 fxg2 35. Re1 Rd3 0-1

[Event "Mundial Juvenil 2005 s18"]
[Site "Belfort FRA"]
[Date "2005.07.26"]
[Round "7.15"]
[White "Tweedie, Steven"]
[Black "Fier, Alexander Hilario T"]
[Result "0-1"]
[WhiteElo "2172"]
[BlackElo "2462"]
[PlyCount "134"]
[EventDate "2005.07.19"]
[EventType "swiss"]
[EventRounds "11"]
[EventCountry "FRA"]
[Source "lmi"]
[SourceDate "2005.07.31"]

1. e4 Nf6 2. e5 Nd5 3. d4 d6 4. c4 Nb6 5. exd6 cxd6 6. Nc3 g6 7. Be3 Bg7 8. Rc1
O-O 9. b3 f5 10. Nf3 f4 11. Bd2 Nc6 12. d5 Ne5 13. Be2 Nbd7 14. O-O Nxf3+ 15.
Bxf3 Ne5 16. Ne4 b6 17. Bc3 Bf5 18. Re1 Rc8 19. Bxe5 Bxe5 20. Bg4 Qd7 21. Bxf5
Qxf5 22. Nd2 Rf7 23. Nf3 Bf6 24. Qc2 Qh5 25. a4 Rcf8 26. Qd1 Qh6 27. Re6 Qg7
28. Qd3 g5 29. Nd2 g4 30. f3 Bd4+ 31. Kf1 Be3 32. Re1 Qb2 33. R6xe3 fxe3 34.
Qxe3 Qg7 35. Qf2 Rf5 36. Re4 Rg5 37. f4 Rh5 38. g3 Rf6 39. Kg1 Rfh6 40. Nf1 Rf5
41. a5 Rf8 42. axb6 axb6 43. Qxb6 Rhf6 44. Qe3 R6f7 45. b4 h5 46. Qe2 Rc8 47.
b5 Kf8 48. Qa2 Qc3 49. b6 Qb4 50. Qa1 Qxb6+ 51. Kg2 Rf6 52. Re6 Kf7 53. Rxf6+
exf6 54. Qa4 Qb2+ 55. Kh1 Rc7 56. Qa6 Qf2 57. c5 Qxc5 58. Qd3 Kg7 59. Ne3 Qc1+
60. Kg2 Qb2+ 61. Kg1 Rc1+ 62. Nf1 Qb6+ 63. Kg2 Qc5 64. Ne3 Rc3 65. Nf5+ Kh7 66.
Qe4 Rc2+ 67. Kh1 Rc1+ 0-1

[Event "Mundial Juvenil 2005 s18"]
[Site "Belfort FRA"]
[Date "2005.07.26"]
[Round "7.16"]
[White "Milman, Lev"]
[Black "Skoberne, Jure"]
[Result "1-0"]
[WhiteElo "2459"]
[BlackElo "2312"]
[PlyCount "65"]
[EventDate "2005.07.19"]
[EventType "swiss"]
[EventRounds "11"]
[EventCountry "FRA"]
[Source "lmi"]
[SourceDate "2005.07.31"]

1. e4 g6 2. d4 Bg7 3. Nc3 d6 4. Be3 c6 5. Qd2 b5 6. Nf3 Nd7 7. Bd3 Qc7 8. O-O
Ngf6 9. Bh6 O-O 10. Ne2 e5 11. c3 d5 12. Ng3 Re8 13. Rfe1 Bh8 14. exd5 Nxd5 15.
Rac1 Bb7 16. c4 bxc4 17. Bxc4 Qb6 18. Nf5 Re6 19. Ng5 gxf5 20. Nxe6 fxe6 21.
Qg5+ Kf7 22. Qh5+ Ke7 23. Bxd5 cxd5 24. Bg5+ Kf8 25. Qxh7 Bg7 26. h4 Kf7 27.
Qh5+ Kg8 28. Re3 exd4 29. Rb3 Qa6 30. Rg3 Rf8 31. Bh6 Rf7 32. Bxg7 Rxg7 33.
Qe8+ 1-0

[Event "Mundial Juvenil 2005 s18"]
[Site "Belfort FRA"]
[Date "2005.07.26"]
[Round "7.18"]
[White "Valeanu, Eduard-Andrei"]
[Black "Pile, Richard"]
[Result "1-0"]
[WhiteElo "2398"]
[BlackElo "2286"]
[PlyCount "53"]
[EventDate "2005.07.19"]
[EventType "swiss"]
[EventRounds "11"]
[EventCountry "FRA"]
[Source "lmi"]
[SourceDate "2005.07.31"]

1. e4 c5 2. Nf3 e6 3. Nc3 a6 4. d4 cxd4 5. Nxd4 Qc7 6. f4 b5 7. Bd3 Bb7 8. Qe2
d6 9. O-O Nd7 10. Bd2 Ngf6 11. Kh1 h5 12. a4 b4 13. Nd1 Nc5 14. Nf2 d5 15. e5
Nfe4 16. Be3 g6 17. Rfd1 Be7 18. Nxe4 dxe4 19. Bc4 Rd8 20. b3 O-O 21. Rd2 Kh7
22. Rad1 Rb8 23. g4 hxg4 24. Qxg4 Rbd8 25. Rg2 Rh8 26. f5 exf5 27. Qh3+ 1-0

[Event "Mundial Juvenil 2005 s18"]
[Site "Belfort FRA"]
[Date "2005.07.26"]
[Round "7.19"]
[White "Porat, Ido"]
[Black "Bogosavljevic, Boban"]
[Result "1-0"]
[WhiteElo "2354"]
[BlackElo "2302"]
[PlyCount "145"]
[EventDate "2005.07.19"]
[EventType "swiss"]
[EventRounds "11"]
[EventCountry "FRA"]
[Source "lmi"]
[SourceDate "2005.07.31"]

1. d4 Nf6 2. c4 d6 3. Nf3 c6 4. Nc3 Nbd7 5. e4 e5 6. Be2 Be7 7. O-O O-O 8. Re1
Re8 9. Bf1 a6 10. d5 Qc7 11. h3 cxd5 12. cxd5 b5 13. Bd2 Bb7 14. b4 Rec8 15. a4
bxa4 16. Nxa4 Bd8 17. Bd3 Qb8 18. Be3 g6 19. Nd2 Ne8 20. Qg4 h5 21. Qe2 Nc7 22.
Nb3 Nxd5 23. exd5 Bxd5 24. Reb1 Rc7 25. Bxa6 Be4 26. Bd3 Bxd3 27. Qxd3 Qxb4 28.
Nbc5 Nxc5 29. Bxc5 dxc5 30. Rxb4 cxb4 31. Rb1 Bg5 32. Qd6 Rc2 33. Qxe5 Bh6 34.
Rxb4 Bf8 35. Rb8 Rxb8 36. Qxb8 Rc4 37. Nb6 Rc1+ 38. Kh2 Rb1 39. Qd8 Kg7 40.
Qd4+ Kh7 41. Nd5 Bg7 42. Qf4 Rb7 43. Nf6+ Bxf6 44. Qxf6 Rd7 45. Kg3 Kg8 46. Kf4
Rd5 47. Ke4 Rb5 48. g3 Rb4+ 49. Ke5 Rb5+ 50. Kf4 Rd5 51. Ke4 Rb5 52. Qc6 Rb4+
53. Ke5 Kg7 54. Kd6 Rb1 55. Qc3+ Kg8 56. Qa5 Kf8 57. Qa8+ Kg7 58. Qd5 Re1 59.
Qd4+ Kg8 60. f4 Re6+ 61. Kd7 Re1 62. Kd6 Re6+ 63. Kd5 Re8 64. Qf6 Re1 65. f5
Rf1 66. g4 hxg4 67. hxg4 Rd1+ 68. Ke4 gxf5+ 69. gxf5 Re1+ 70. Kf3 Rf1+ 71. Kg2
Rd1 72. Qg5+ Kf8 73. f6 1-0

[Event "Mundial Juvenil 2005 s18"]
[Site "Belfort FRA"]
[Date "2005.07.27"]
[Round "8.3"]
[White "Wojtaszek, Radoslaw"]
[Black "Pashikian, Arman"]
[Result "1-0"]
[WhiteElo "2591"]
[BlackElo "2442"]
[PlyCount "105"]
[EventDate "2005.07.19"]
[EventType "swiss"]
[EventRounds "11"]
[EventCountry "FRA"]
[Source "lmi"]
[SourceDate "2005.07.31"]

1. d4 Nf6 2. c4 e6 3. Nf3 d5 4. Nc3 Bb4 5. Qa4+ Nc6 6. Bg5 h6 7. Bxf6 Qxf6 8.
e3 O-O 9. cxd5 exd5 10. Be2 Be6 11. O-O a6 12. Rac1 Bd6 13. Qb3 Ne7 14. Na4 b6
15. Qc2 g5 16. Nc3 Qg6 17. Bd3 Qh5 18. Ne2 g4 19. Ne5 Bxe5 20. dxe5 c5 21. Qc3
Nc6 22. f4 gxf3 23. Rxf3 Qxe5 24. Qd2 Kh8 25. e4 Qg5 26. Nf4 dxe4 27. Rg3 Qf5
28. Ng6+ Kh7 29. Nxf8+ Rxf8 30. Rh3 h5 31. Be2 Qf6 32. Rxh5+ Kg7 33. Rg5+ Kh8
34. Kh1 Rd8 35. Qe3 Rd5 36. Rxd5 Bxd5 37. Rf1 Qg6 38. h4 Nd4 39. h5 Qe6 40. Qg5
e3 41. Bg4 e2 42. Re1 Qe4 43. Bxe2 Nxe2 44. h6 Qxg2+ 45. Qxg2 Bxg2+ 46. Kxg2
Nf4+ 47. Kf3 Nd3 48. Re7 Kg8 49. b3 Nc1 50. Rb7 b5 51. Rc7 c4 52. bxc4 bxc4 53.
a3 1-0

[Event "Mundial Juvenil 2005 s18"]
[Site "Belfort FRA"]
[Date "2005.07.27"]
[Round "8.5"]
[White "Sengupta, Deep"]
[Black "Bluvshtein, Mark"]
[Result "1/2-1/2"]
[WhiteElo "2414"]
[BlackElo "2525"]
[PlyCount "121"]
[EventDate "2005.07.19"]
[EventType "swiss"]
[EventRounds "11"]
[EventCountry "FRA"]
[Source "lmi"]
[SourceDate "2005.07.31"]

1. e4 e5 2. Nf3 Nf6 3. Nc3 Nc6 4. g3 d5 5. exd5 Nxd5 6. Bg2 Nxc3 7. bxc3 Bd6 8.
O-O O-O 9. d3 Bg4 10. h3 Bh5 11. Rb1 Rb8 12. g4 Bg6 13. Ng5 h6 14. Ne4 f5 15.
gxf5 Bxf5 16. Qh5 Ne7 17. c4 b6 18. Kh1 Ng6 19. Rb5 a6 20. Rb3 Nf4 21. Bxf4
exf4 22. Re1 Qd7 23. Rbb1 Be7 24. Re2 Qe8 25. Qf3 Kh8 26. Nc3 Qf7 27. Qd5 Qf6
28. Rg1 Bc5 29. Nd1 Bg4 30. Bf3 c6 31. Qe4 Rbe8 32. Rxg4 Rxe4 33. Rxe4 Bd6 34.
Rg1 Qa1 35. Re6 Bc5 36. c3 Qxa2 37. Reg6 Qd2 38. Be4 Rg8 39. d4 Be7 40. Rxc6
Bh4 41. Rxb6 Rc8 42. Rb2 Qc1 43. Rb1 Qa3 44. Bf3 Bf6 45. Bh5 Rd8 46. Kh2 Qa2
47. Rb4 Qa5 48. c5 Qa3 49. c6 a5 50. Rb7 f3 51. Bxf3 Bxd4 52. cxd4 Qxf3 53.
Rgxg7 Qxd1 54. Rh7+ Kg8 55. Rbg7+ Kf8 56. c7 Rc8 57. Rd7 Kg8 58. Rdg7+ Kf8 59.
Rf7+ Kg8 60. Re7 Kf8 61. Ref7+ 1/2-1/2

[Event "Mundial Juvenil 2005 s18"]
[Site "Belfort FRA"]
[Date "2005.07.27"]
[Round "8.8"]
[White "Romanov, Evgeny"]
[Black "Amin, Bassem"]
[Result "1/2-1/2"]
[WhiteElo "2451"]
[BlackElo "2400"]
[PlyCount "155"]
[EventDate "2005.07.19"]
[EventType "swiss"]
[EventRounds "11"]
[EventCountry "FRA"]
[Source "lmi"]
[SourceDate "2005.07.31"]

1. e4 e5 2. Nf3 Nc6 3. Bb5 a6 4. Ba4 Nf6 5. d3 b5 6. Bb3 Bc5 7. O-O O-O 8. Nc3
h6 9. a4 b4 10. Nd5 Na5 11. Ba2 Nxd5 12. Bxd5 c6 13. Ba2 Qf6 14. c3 bxc3 15.
bxc3 d6 16. Rb1 Be6 17. Bxe6 Qxe6 18. Bd2 Rab8 19. c4 Nb7 20. Nh4 Kh7 21. Nf5
Ba7 22. Qg4 Qg6 23. Qh4 d5 24. cxd5 cxd5 25. Qe7 Bc5 26. Qxe5 dxe4 27. dxe4
Rbe8 28. Qxg7+ Qxg7 29. Nxg7 Kxg7 30. Rxb7 Rxe4 31. Rc7 Bb4 32. Be3 Rd8 33. g3
Bd2 34. Bb6 Rd5 35. Rd1 Rxa4 36. Be3 Ra2 37. Rc6 h5 38. Bh6+ Kh7 39. Rf6 Kg8
40. h4 Bc3 41. Rxd5 Bxf6 42. Rxh5 a5 43. Rf5 Bc3 44. Bf4 Re2 45. Bd6 a4 46. Rf4
Ra2 47. Rc4 Bb2 48. Kg2 Ra1 49. h5 Kh7 50. Rc7 Kg7 51. h6+ Kg6 52. Bf4 a3 53.
Ra7 Rd1 54. Kf3 Rd5 55. Ra6+ Kh7 56. Ke4 Rd4+ 57. Ke3 Rc4 58. Bd6 Rc3+ 59. Ke4
Rc2 60. f4 Rh2 61. Bf8 Re2+ 62. Kf5 Re6 63. Ra7 Rf6+ 64. Ke4 Kg8 65. Ra8 Kh7
66. g4 Bc1 67. f5 Bxh6 68. Bxa3 Rc6 69. Kd5 Rc7 70. Bd6 Rb7 71. Ra2 Bg5 72. Be5
Rb5+ 73. Kd6 f6 74. Bd4 Rb7 75. Ke6 Rb4 76. Ra7+ Kh6 77. Bc5 Re4+ 78. Kf7
1/2-1/2

[Event "Mundial Juvenil 2005 s18"]
[Site "Belfort FRA"]
[Date "2005.07.27"]
[Round "8.10"]
[White "Hungaski, Roberto"]
[Black "Papp, Gabor"]
[Result "1/2-1/2"]
[WhiteElo "2308"]
[BlackElo "2474"]
[PlyCount "89"]
[EventDate "2005.07.19"]
[EventType "swiss"]
[EventRounds "11"]
[EventCountry "FRA"]
[Source "lmi"]
[SourceDate "2005.07.31"]

1. e4 c5 2. Nf3 e6 3. d4 cxd4 4. Nxd4 a6 5. Bd3 Qb6 6. c3 Qc7 7. O-O Nf6 8. f4
d6 9. Be3 Nbd7 10. Nd2 e5 11. N4b3 b6 12. Qf3 Bb7 13. Rae1 h5 14. Kh1 Be7 15.
Bg1 h4 16. f5 Nh5 17. Be3 Qd8 18. Nc1 Bg5 19. Ne2 b5 20. Kg1 Bxe3+ 21. Qxe3 Qb6
22. Qxb6 Nxb6 23. c4 b4 24. Nb3 Rc8 25. Na5 Ba8 26. a3 Na4 27. axb4 Nxb2 28.
Rf3 Rb8 29. b5 axb5 30. cxb5 Nxd3 31. Rxd3 Rxb5 32. Nc4 O-O 33. Nxd6 Rb4 34.
Nc3 Nf4 35. Rd2 Rd8 36. Ne2 Nxe2+ 37. Rexe2 Kf8 38. Nc4 Rxd2 39. Nxd2 Ke7 40.
Kf2 Kf6 41. Ke3 Ra4 42. Re1 Ra3+ 43. Kf2 g5 44. fxg6 fxg6 45. Rb1 1/2-1/2

[Event "Mundial Juvenil 2005 s18"]
[Site "Belfort FRA"]
[Date "2005.07.27"]
[Round "8.11"]
[White "Deepan Chakkravarthy"]
[Black "Cifka, Stanislav"]
[Result "1/2-1/2"]
[WhiteElo "2465"]
[BlackElo "2347"]
[PlyCount "98"]
[EventDate "2005.07.19"]
[EventType "swiss"]
[EventRounds "11"]
[EventCountry "FRA"]
[Source "lmi"]
[SourceDate "2005.07.31"]

1. e4 c5 2. Nf3 e6 3. d4 cxd4 4. Nxd4 Nf6 5. Nc3 d6 6. Be3 Be7 7. f3 O-O 8. Qd2
Nc6 9. O-O-O d5 10. exd5 Nxd5 11. Nxd5 Qxd5 12. Nxc6 Qxc6 13. Kb1 e5 14. Qd5
Qc7 15. Qc4 Qa5 16. Bd2 Qb6 17. Bd3 Bf6 18. Qe4 g6 19. g4 Bd7 20. Bc1 Bg7 21.
h4 f5 22. Qe2 fxg4 23. fxg4 Rf2 24. Be3 Rxe2 25. Bxb6 Bxg4 26. Bc4+ Kh8 27.
Bxe2 Bxe2 28. Rd8+ Rxd8 29. Bxd8 e4 30. Re1 Bf3 31. c3 Be5 32. Bg5 Kg7 33. c4
h6 34. Be3 Bg3 35. Rc1 Bxh4 36. b4 Bg3 37. Bxa7 h5 38. a4 Bf4 39. b5 h4 40. Bg1
e3 41. Kc2 e2 42. Re1 h3 43. c5 h2 44. Bxh2 Bxh2 45. Kd3 Bg3 46. Rxe2 Bxe2+ 47.
Kxe2 Kf6 48. a5 Ke6 49. c6 Kd6 1/2-1/2

[Event "Mundial Juvenil 2005 s18"]
[Site "Belfort FRA"]
[Date "2005.07.27"]
[Round "8.12"]
[White "Alsina Leal, Daniel"]
[Black "Fier, Alexander Hilario T"]
[Result "1/2-1/2"]
[WhiteElo "2322"]
[BlackElo "2462"]
[PlyCount "92"]
[EventDate "2005.07.19"]
[EventType "swiss"]
[EventRounds "11"]
[EventCountry "FRA"]
[Source "lmi"]
[SourceDate "2005.07.31"]

1. e4 c5 2. Nf3 d6 3. d4 cxd4 4. Nxd4 Nf6 5. Nc3 Nc6 6. Bg5 e6 7. Qd2 a6 8.
O-O-O h6 9. Nxc6 bxc6 10. Bf4 d5 11. Qe3 Bb4 12. a3 Ba5 13. Qc5 Qb6 14. Qxb6
Bxb6 15. f3 Bb7 16. Bd3 Nd7 17. Na4 Bd8 18. Kb1 Bg5 19. Bg3 O-O 20. c4 d4 21.
Bd6 Rfe8 22. c5 e5 23. Bc4 a5 24. Rd3 Ba6 25. Bxa6 Rxa6 26. Rb3 f6 27. Rb7 Nf8
28. Rb6 Rea8 29. Bxf8 Kxf8 30. Rd1 Rxb6 31. Nxb6 Ra6 32. Kc2 Ke7 33. Kb3 Ke6
34. Ka4 f5 35. Nc4 fxe4 36. fxe4 Be7 37. Nxa5 Bxc5 38. b4 Bb6 39. Rd3 g6 40.
Rg3 Kf6 41. h4 Bd8 42. Rh3 h5 43. Rf3+ Ke6 44. Rg3 Kf7 45. Rf3+ Ke8 46. Rg3 Kf7
1/2-1/2

[Event "Mundial Juvenil 2005 s18"]
[Site "Belfort FRA"]
[Date "2005.07.27"]
[Round "8.13"]
[White "Bitelmajer, Martin"]
[Black "Milman, Lev"]
[Result "1-0"]
[WhiteElo "2243"]
[BlackElo "2459"]
[PlyCount "53"]
[EventDate "2005.07.19"]
[EventType "swiss"]
[EventRounds "11"]
[EventCountry "FRA"]
[Source "lmi"]
[SourceDate "2005.07.31"]

1. d4 d5 2. c4 c6 3. Nf3 Nf6 4. g3 dxc4 5. Bg2 b5 6. O-O Bb7 7. Ne5 Nbd7 8. a4
Nxe5 9. dxe5 Nd5 10. b3 e6 11. axb5 cxb5 12. bxc4 bxc4 13. Qa4+ Qd7 14. Qxc4
Nb6 15. Qb3 Bxg2 16. Kxg2 Qd5+ 17. Qxd5 Nxd5 18. e4 Nb4 19. Nc3 Bc5 20. Ra5 Bb6
21. Rb5 Nc6 22. Ba3 O-O-O 23. Na4 Rd3 24. Bd6 Nd4 25. Rc1+ Kb7 26. Nc5+ Kc8 27.
Rxb6 1-0